[Event "27. ekipno prvenstvo RH"]
[Site "Biograd na Moru"]
[Date "2018.09.12"]
[Round "5.44"]
[White "Tica, Sven"]
[Black "Kozul, Zdenko"]
[Result "1/2-1/2"]
[WhiteElo "2442"]
[BlackElo "2600"]
[PlyCount "138"]
[EventDate "2018.??.??"]

1. Nf3 d6 2. d4 Nf6 3. g3 c5 4. Bg2 cxd4 5. Nxd4 e5 6. Nb3 h6 7. c4 Qc7 8. Nc3
Qxc4 9. Bd2 Nc6 10. Rc1 Qa6 11. a4 Be6 12. Nb5 Qxa4 13. Nc7+ Ke7 14. Na5 Qxd1+
15. Kxd1 Rc8 16. Nxe6 fxe6 17. Nxc6+ bxc6 18. Rxc6 Rxc6 19. Bxc6 d5 20. b4 Kf7
21. f3 Bxb4 22. Bxb4 Rc8 23. Bd6 Rxc6 24. Bxe5 Nd7 25. Bd4 e5 26. Bb2 a5 27. f4
exf4 28. Rf1 Rc4 29. gxf4 a4 30. Rf3 Nc5 31. Rg3 g6 32. Rh3 Rxf4 33. Rxh6 Rb4
34. Rh7+ Ke6 35. Ba3 Rd4+ 36. Ke1 Ne4 37. Ra7 Rc4 38. Ra6+ Kf5 39. Ra5 Ke5 40.
Bb2+ Ke6 41. Ra6+ Kf5 42. Ra5 Rc5 43. Rxa4 Kg4 44. Kd1 g5 45. Ra3 Kf5 46. Rf3+
Ke6 47. h3 Rc7 48. Bd4 Rc4 49. Rd3 Kd6 50. Ke1 Rc1+ 51. Rd1 Rc2 52. Rd3 Ra2 53.
Kf1 Ke6 54. Bh8 Rc2 55. Bd4 Rc1+ 56. Kg2 Re1 57. Kf3 Rf1+ 58. Kg2 Rb1 59. Ra3
Rd1 60. Rd3 Re1 61. Kf3 Rb1 62. Kg2 Rb4 63. Bh8 Ra4 64. Bd4 Kd6 65. Kf3 Ra8 66.
Kg4 Ra2 67. Kf3 Ke6 68. Bh8 Ra7 69. Bd4 Rh7 1/2-1/2

[Event "27. ekipno prvenstvo RH"]
[Site "Biograd na Moru"]
[Date "2018.09.12"]
[Round "5.45"]
[White "Palac, Mladen"]
[Black "Golubovic, Boris"]
[Result "1-0"]
[WhiteElo "2540"]
[BlackElo "2386"]
[PlyCount "61"]
[EventDate "2018.??.??"]

1. e4 e5 2. Nf3 Nc6 3. Bb5 Bc5 4. c3 Nf6 5. d4 Bb6 6. O-O O-O 7. dxe5 Nxe4 8.
Qd5 Nc5 9. Bg5 Ne7 10. Qd1 h6 11. Bh4 a6 12. Bc4 d6 13. exd6 cxd6 14. Re1 Be6
15. b4 g5 16. bxc5 Bxc4 17. Bxg5 hxg5 18. cxb6 f6 19. Qd4 d5 20. Nbd2 Rc8 21.
h4 Ng6 22. hxg5 fxg5 23. Qg4 Rc6 24. Ne5 Qxb6 25. Ndf3 Nxe5 26. Rxe5 Rg6 27.
Rxg5 Kg7 28. Re1 Bd3 29. Re7+ Kg8 30. Ne5 Qxf2+ 31. Kh2 1-0

[Event "27. ekipno prvenstvo RH"]
[Site "Biograd na Moru"]
[Date "2018.09.12"]
[Round "5.46"]
[White "Petrov, Jole"]
[Black "Jankovic, Alojzije"]
[Result "1-0"]
[WhiteElo "2397"]
[BlackElo "2558"]
[PlyCount "113"]
[EventDate "2018.??.??"]

1. d4 Nf6 2. c4 g6 3. g3 c6 4. Bg2 d6 5. Nf3 Qa5+ 6. Bd2 Qa6 7. b3 Ne4 8. Be3
Bg7 9. Nbd2 Nf6 10. h3 b5 11. O-O O-O 12. Ne1 Be6 13. Qc2 Bf5 14. Nd3 bxc4 15.
bxc4 Bxd3 16. Qxd3 Nbd7 17. Rab1 Rfb8 18. Rb3 d5 19. Ra3 Qc8 20. Rc1 Qd8 21.
Bf4 Rb7 22. e4 e6 23. exd5 exd5 24. Ra6 Rb6 25. c5 Rxa6 26. Qxa6 Nh5 27. Bd6
Bxd4 28. Qxc6 Rc8 29. Qxd5 Bxc5 30. Bxc5 Nhf6 31. Qg5 Nxc5 32. Rxc5 Rxc5 33.
Qxc5 Qxd2 34. Qxa7 h5 35. a4 h4 36. g4 Kg7 37. Bf1 Qd1 38. a5 Nxg4 39. hxg4
Qxg4+ 40. Kh1 Qe4+ 41. Bg2 Qe1+ 42. Kh2 Qe5+ 43. Kg1 Qa1+ 44. Bf1 h3 45. Qa6
Qe1 46. Qb5 h2+ 47. Kg2 h1=Q+ 48. Kxh1 Qxf2 49. Qe5+ f6 50. Qc7+ Kf8 51. Bc4
Qe1+ 52. Kg2 Qd2+ 53. Kf3 Qc3+ 54. Ke4 Qc2+ 55. Kd5 Qf5+ 56. Kc6 Qe4+ 57. Kb6
1-0

[Event "27. ekipno prvenstvo RH"]
[Site "Biograd na Moru"]
[Date "2018.09.12"]
[Round "5.51"]
[White "Movsesian, Sergei"]
[Black "Postny, Evgeny"]
[Result "1/2-1/2"]
[WhiteElo "2645"]
[BlackElo "2621"]
[PlyCount "33"]
[EventDate "2018.??.??"]

1. e4 c6 2. d3 d5 3. Nd2 Qc7 4. g3 Nf6 5. Bg2 dxe4 6. dxe4 e5 7. Ngf3 Be6 8.
O-O Bc5 9. h3 h6 10. Nh4 O-O 11. Qf3 Nbd7 12. Nb3 Bb6 13. Nf5 Bxf5 14. Qxf5
Rfe8 15. a4 a5 16. Bd2 Re6 17. Rad1 1/2-1/2

[Event "27. ekipno prvenstvo RH"]
[Site "Biograd na Moru"]
[Date "2018.09.12"]
[Round "5.52"]
[White "Pikula, Dejan"]
[Black "Nguyen, Thai Dai Van"]
[Result "0-1"]
[WhiteElo "2469"]
[BlackElo "2537"]
[PlyCount "118"]
[EventDate "2018.??.??"]

1. d4 d5 2. Bf4 Nf6 3. e3 c5 4. c3 Nc6 5. Nd2 e6 6. Ngf3 Be7 7. Ne5 Nd7 8. Nxd7
Bxd7 9. Bd3 O-O 10. O-O c4 11. Bc2 f5 12. f3 b5 13. b4 a5 14. a3 Qb6 15. Bg3 e5
16. f4 e4 17. Qe1 Ra7 18. Bh4 Rfa8 19. Bxe7 Nxe7 20. Rc1 axb4 21. axb4 Ra3 22.
Bb1 Qd6 23. Rf2 Nc8 24. Nf1 Nb6 25. h3 Ra1 26. Bc2 Rxc1 27. Qxc1 Qb8 28. Bb1
Ra1 29. Ra2 Rxa2 30. Bxa2 Qa7 31. Qc2 Qa3 32. Nd2 Qa4 33. Qb1 Qa3 34. Qc2 Qa4
35. Qb1 Be8 36. g4 Bd7 37. gxf5 Bxf5 38. Kg2 Kf7 39. Kg3 Kf6 40. Kh4 h6 41. Kg3
Qa3 42. Qc2 Na4 43. Nb1 Qb2 44. Qxb2 Nxb2 45. Na3 Bd7 46. Kf2 Nd1+ 47. Ke1 Nxc3
48. Bb1 Bxh3 49. Kd2 Nxb1+ 50. Nxb1 Bd7 51. Nc3 Bc6 52. Ke2 Kf5 53. Kf2 Kg4 54.
Kg2 h5 55. Nd1 c3 56. Nxc3 h4 57. Nd1 h3+ 58. Kh2 Kf3 59. Kxh3 Ke2 0-1

[Event "27. ekipno prvenstvo RH"]
[Site "Biograd na Moru"]
[Date "2018.09.12"]
[Round "5.53"]
[White "Sertic, Rudolf"]
[Black "Jovanovic, Zoran"]
[Result "1/2-1/2"]
[WhiteElo "2366"]
[BlackElo "2540"]
[PlyCount "51"]
[EventDate "2018.??.??"]

1. d4 d6 2. g3 g6 3. Bg2 Bg7 4. e4 c5 5. dxc5 Qa5+ 6. Nd2 Qxc5 7. Ngf3 Nf6 8.
O-O O-O 9. c3 Qc7 10. Re1 Nc6 11. Nf1 Rd8 12. Ne3 e6 13. Nc2 a6 14. Bg5 h6 15.
Bxf6 Bxf6 16. Qd2 Bg7 17. Ne3 b6 18. Rad1 Bb7 19. h4 Ne5 20. Nxe5 dxe5 21. Qe2
b5 22. h5 g5 23. Rxd8+ Rxd8 24. Rd1 Bf8 25. Rxd8 Qxd8 26. b4 1/2-1/2

[Event "27. ekipno prvenstvo RH"]
[Site "Biograd na Moru"]
[Date "2018.09.12"]
[Round "5.54"]
[White "Bukal, Vladimir Jr"]
[Black "Biti, Ozren"]
[Result "1-0"]
[WhiteElo "2380"]
[BlackElo "2366"]
[PlyCount "127"]
[EventDate "2018.??.??"]

1. d4 d6 2. g3 g6 3. Bg2 Bg7 4. e4 Nd7 5. Ne2 e5 6. O-O Ne7 7. Nbc3 O-O 8. a4
exd4 9. Nxd4 Nc6 10. Be3 Nde5 11. Nde2 Re8 12. b3 Ng4 13. Bf4 Nf6 14. Qd2 Bd7
15. h3 Qc8 16. g4 h5 17. f3 Ne5 18. g5 Nh7 19. Kh2 Nc6 20. Be3 Nb4 21. Rad1 c6
22. f4 d5 23. Bc5 Na6 24. Bd4 Bxd4 25. Qxd4 Nc7 26. Qd2 Re7 27. exd5 cxd5 28.
Nd4 Nf8 29. Qd3 Nfe6 30. Bxd5 Kh7 31. Bg2 Nxd4 32. Qxd4 Bf5 33. Rfe1 Qe8 34.
Rxe7 Qxe7 35. Be4 Ne6 36. Qe5 Qc5 37. Qxc5 Nxc5 38. Bxf5 gxf5 39. Rd5 Rc8 40.
Rxf5 Kg6 41. Rd5 Nxb3 42. Rd3 Nc5 43. Rd5 b6 44. h4 Kg7 45. f5 Re8 46. Rd2 Re5
47. Rf2 a5 48. Rf4 Kf8 49. Kg2 Ke7 50. Kf3 Kf8 51. Ne2 Na6 52. Ng3 Nb4 53. Rc4
Rc5 54. Rxc5 bxc5 55. Nxh5 Nxc2 56. Nf6 c4 57. Nd5 Nd4+ 58. Ke4 Ne2 59. f6 Kg8
60. Ke3 Ng3 61. Kf3 Nf1 62. h5 Nd2+ 63. Kf4 Nb1 64. g6 1-0

[Event "27. ekipno prvenstvo RH"]
[Site "Biograd na Moru"]
[Date "2018.09.13"]
[Round "6.11"]
[White "Ponkratov, Pavel"]
[Black "Postny, Evgeny"]
[Result "1/2-1/2"]
[WhiteElo "2622"]
[BlackElo "2621"]
[PlyCount "120"]
[EventDate "2018.??.??"]

1. Nf3 d5 2. g3 c6 3. Bg2 Bg4 4. h3 Bxf3 5. Bxf3 Nd7 6. Bg2 Ngf6 7. O-O e5 8.
d3 Bc5 9. c4 dxc4 10. dxc4 O-O 11. Nc3 Qe7 12. Qc2 Rfe8 13. Na4 Bd6 14. Rd1 Nc5
15. Nxc5 Bxc5 16. a3 a5 17. Bd2 h6 18. e3 a4 19. Bc3 Bb6 20. Bb4 Bc5 21. Qc3
Red8 22. Rxd8+ Rxd8 23. Bf3 e4 24. Be2 Bd6 25. Kg2 c5 26. Ba5 b6 27. Bxb6 Rb8
28. Qa5 Nd7 29. Bc7 Bxc7 30. Qxc7 Rxb2 31. Rd1 Rxe2 32. Rxd7 Qf6 33. Qd8+ Qxd8
34. Rxd8+ Kh7 35. Ra8 Rc2 36. Rxa4 Rc1 37. g4 g5 38. Kg3 Rg1+ 39. Kh2 Rc1 40.
Kg2 Kg7 41. Ra6 Rxc4 42. Rc6 Rc3 43. a4 Ra3 44. Rxc5 Rxa4 45. Rd5 Kg6 46. Kg3
f6 47. h4 Ra7 48. h5+ Kf7 49. Kg2 Re7 50. Kf1 Re5 51. Rd4 Kf8 52. Ke2 Kf7 53.
Rd7+ Re7 54. Rd5 Re5 55. Rxe5 fxe5 56. Kd2 Ke6 57. Kc3 Kd5 58. Kb4 Kd6 59. Kb5
Kd5 60. Kb6 Kd6 1/2-1/2

[Event "27. ekipno prvenstvo RH"]
[Site "Biograd na Moru"]
[Date "2018.09.13"]
[Round "6.12"]
[White "Pikula, Dejan"]
[Black "Predke, Alexandr"]
[Result "1/2-1/2"]
[WhiteElo "2469"]
[BlackElo "2612"]
[PlyCount "96"]
[EventDate "2018.??.??"]

1. d4 d5 2. Bf4 c5 3. e3 Nc6 4. c3 Bf5 5. Nd2 e6 6. Ngf3 Bd6 7. dxc5 Bxc5 8.
Be2 Nge7 9. O-O O-O 10. c4 Rc8 11. a3 Ng6 12. Bg3 Be7 13. cxd5 Qxd5 14. Qa4 Bd3
15. Bxd3 Qxd3 16. Rfd1 Rfd8 17. Ne4 Qe2 18. b4 b5 19. Qb3 a5 20. Nc3 a4 21.
Nxe2 axb3 22. Rxd8+ Rxd8 23. Rb1 Bf6 24. Kf1 b2 25. Ned4 Bxd4 26. Nxd4 Nxd4 27.
exd4 f5 28. f3 f4 29. Be1 Ra8 30. Rxb2 Rxa3 31. Rc2 Ne7 32. Ke2 Nf5 33. Rc8+
Kf7 34. Bc3 Ra2+ 35. Bd2 Nxd4+ 36. Kd3 e5 37. Bxf4 exf4 38. Kxd4 Rxg2 39. Rc5
Rxh2 40. Ke4 h5 41. Rxb5 h4 42. Rf5+ Kg6 43. Rxf4 h3 44. Rh4 Kg5 45. Rg4+ Kf6
46. Rf4+ Ke6 47. Rh4 Rh1 48. Kf4 Rb1 1/2-1/2

[Event "27. ekipno prvenstvo RH"]
[Site "Biograd na Moru"]
[Date "2018.09.13"]
[Round "6.13"]
[White "Martinovic, Sasa"]
[Black "Jovanovic, Zoran"]
[Result "1/2-1/2"]
[WhiteElo "2567"]
[BlackElo "2540"]
[PlyCount "47"]
[EventDate "2018.??.??"]

1. d4 Nf6 2. c4 g6 3. Nc3 Bg7 4. e4 d6 5. Nf3 O-O 6. Be2 e5 7. Be3 Ng4 8. Bg5
f6 9. Bc1 Nc6 10. d5 Ne7 11. h3 Nh6 12. h4 Nf7 13. h5 g5 14. Be3 h6 15. Nd2 f5
16. exf5 Nxf5 17. Nde4 Bd7 18. g4 Nd4 19. Bd3 c5 20. O-O a6 21. f3 b5 22. b3 b4
23. Ne2 a5 24. a3 1/2-1/2

[Event "27. ekipno prvenstvo RH"]
[Site "Biograd na Moru"]
[Date "2018.09.13"]
[Round "6.14"]
[White "Bukal, Vladimir Jr"]
[Black "Cvitan, Ognjen"]
[Result "1/2-1/2"]
[WhiteElo "2380"]
[BlackElo "2489"]
[PlyCount "44"]
[EventDate "2018.??.??"]

1. d4 Nf6 2. Nf3 g6 3. Nc3 d5 4. Bf4 Bg7 5. Nb5 Na6 6. e3 c6 7. Nc3 Nc7 8. h3
O-O 9. Be2 Nce8 10. O-O Nd6 11. Bh2 b6 12. Ne5 Bb7 13. a4 a5 14. Qb1 Nfe4 15.
Nxe4 Nxe4 16. Rd1 f6 17. Nf3 e6 18. Ra3 Rf7 19. Nd2 Nxd2 20. Rxd2 Bf8 21. Ra1
Ba6 22. Bxa6 Rxa6 1/2-1/2

[Event "27. ekipno prvenstvo RH"]
[Site "Biograd na Moru"]
[Date "2018.09.13"]
[Round "6.15"]
[White "Kurajica, Bojan"]
[Black "Dutina, Dario"]
[Result "1-0"]
[WhiteElo "2526"]
[BlackElo "2245"]
[PlyCount "91"]
[EventDate "2018.??.??"]

1. Nf3 e6 2. g3 b6 3. Bg2 Bb7 4. O-O c5 5. c4 Nf6 6. Nc3 Be7 7. Re1 d5 8. cxd5
exd5 9. d4 O-O 10. b3 Ne4 11. Bb2 Nd7 12. Rc1 Bf6 13. e3 Re8 14. Ne2 g5 15. Rc2
Qe7 16. Nc1 Rac8 17. Bh3 c4 18. Ne2 Rc7 19. Nc3 a6 20. Nxe4 Qxe4 21. Nd2 Qe7
22. bxc4 dxc4 23. Rxc4 Rxc4 24. Nxc4 Qe4 25. f3 Qd5 26. Qe2 b5 27. Na5 Ba8 28.
Nb3 Nb6 29. e4 Qb7 30. Bg2 Nc4 31. Ba1 Qb6 32. Qf2 a5 33. Nc5 Qc7 34. f4 gxf4
35. Qxf4 Qd8 36. e5 Bxg2 37. Kxg2 Bg5 38. Qg4 Kf8 39. Kh3 h6 40. Nd7+ Ke7 41.
e6 Ne3 42. Rxe3 Bxe3 43. d5 Bg5 44. Be5 Rg8 45. d6+ Ke8 46. Nf6+ 1-0

[Event "27. ekipno prvenstvo RH"]
[Site "Biograd na Moru"]
[Date "2018.09.13"]
[Round "6.16"]
[White "Bozinovic, Bogdan"]
[Black "Kovacevic, Vlatko"]
[Result "0-1"]
[WhiteElo "2229"]
[BlackElo "2454"]
[PlyCount "68"]
[EventDate "2018.??.??"]

1. d4 Nf6 2. c4 e6 3. Nc3 d5 4. Bg5 Nbd7 5. e3 c6 6. cxd5 exd5 7. Bd3 Be7 8.
Nge2 O-O 9. O-O Re8 10. Qc2 h6 11. Bh4 Ne4 12. Bxe7 Qxe7 13. Ng3 Nxg3 14. hxg3
Nf6 15. Rae1 Qd6 16. Qd2 Be6 17. Re2 Re7 18. Qe1 Rae8 19. b4 Qxb4 20. f3 Bd7
21. Qd2 Qd6 22. g4 a6 23. Qe1 c5 24. Qf2 b5 25. Rfe1 c4 26. Bb1 b4 27. Nd1 c3
28. Qh4 Bb5 29. Rf2 Ba4 30. Bc2 Bxc2 31. Rxc2 Nh7 32. g3 a5 33. f4 Qf6 34. Qh3
Qxd4 0-1

[Event "27. ekipno prvenstvo RH"]
[Site "Biograd na Moru"]
[Date "2018.09.13"]
[Round "6.21"]
[White "Bosiocic, Marin"]
[Black "Movsesian, Sergei"]
[Result "1-0"]
[WhiteElo "2600"]
[BlackElo "2645"]
[PlyCount "119"]
[EventDate "2018.??.??"]

1. d4 Nf6 2. c4 e6 3. Nf3 d5 4. g3 Bb4+ 5. Nbd2 O-O 6. Bg2 b6 7. a3 Be7 8. cxd5
exd5 9. b4 a5 10. b5 a4 11. Ne5 Qe8 12. Qc2 Bd6 13. Rb1 Ra5 14. Qd3 Bxe5 15.
dxe5 Qxe5 16. Bb2 Qf5 17. Bc3 Ra7 18. Nf3 Re8 19. O-O Qxd3 20. exd3 Bf5 21.
Rfe1 Rxe1+ 22. Rxe1 Nbd7 23. Re3 Ra8 24. Nd4 Bg6 25. f4 Re8 26. Rxe8+ Nxe8 27.
f5 Bh5 28. h3 f6 29. Kf2 Bf7 30. Ke3 Nd6 31. g4 Nc5 32. Bb4 h6 33. Bf3 Kh7 34.
h4 Kh8 35. h5 Kh7 36. Bd1 Kg8 37. Bc2 Kh8 38. Be1 Kg8 39. Bg3 Kf8 40. Bxd6+
cxd6 41. Ne2 d4+ 42. Kxd4 Ke8 43. Nf4 Kd8 44. Kc3 d5 45. Bd1 Kd7 46. d4 Ne4+
47. Kb4 Kd6 48. Be2 Be8 49. Bf3 Bd7 50. Be2 Be8 51. Ng2 Bd7 52. Ne3 Be8 53. Bf3
Nd2 54. Bxd5 Nf1 55. Nxf1 Kxd5 56. Nd2 Kxd4 57. Nc4 Bf7 58. Nxb6 Ke4 59. Nxa4
Kf4 60. Nc3 1-0

[Event "27. ekipno prvenstvo RH"]
[Site "Biograd na Moru"]
[Date "2018.09.13"]
[Round "6.22"]
[White "Nguyen, Thai Dai Van"]
[Black "Beliavsky, Alexander G"]
[Result "1-0"]
[WhiteElo "2537"]
[BlackElo "2540"]
[PlyCount "129"]
[EventDate "2018.??.??"]

1. Nf3 Nf6 2. c4 e6 3. Nc3 c5 4. g3 b6 5. Bg2 Bb7 6. O-O Be7 7. Re1 d5 8. cxd5
exd5 9. d4 O-O 10. Bf4 Nc6 11. dxc5 Bxc5 12. e3 Re8 13. Nb5 Nh5 14. Bg5 f6 15.
Bh4 g5 16. g4 Ng7 17. Bg3 Rc8 18. h4 h6 19. Nfd4 Nxd4 20. exd4 Rxe1+ 21. Qxe1
Bf8 22. Nxa7 Rc4 23. hxg5 hxg5 24. Rc1 Qe8 25. Qd1 Qa4 26. Qxa4 Rxa4 27. Nc8
Ne6 28. Nxb6 Rxa2 29. Nxd5 Rxb2 30. Nxf6+ Kf7 31. Bxb7 Rxb7 32. Be5 Bg7 33. Ne4
Rd7 34. Nd6+ Kg6 35. Rc6 Nxd4 36. Bxd4 Bxd4 37. Ne4+ Kg7 38. Nxg5 Be5 39. Kg2
Ra7 40. Rc5 Kf6 41. Nf3 Bd6 42. Rc6 Rd7 43. Nd2 Kg7 44. Ne4 Be5 45. Rc5 Re7 46.
Ng3 Kg6 47. Nf5 Re8 48. Nh4+ Kh6 49. Nf3 Bb8 50. Rc6+ Kg7 51. Ng5 Re2 52. Kf3
Ra2 53. Ne4 Be5 54. g5 Ra4 55. Re6 Bd4 56. Nd6 Ra5 57. Ne4 Ra4 58. Kg2 Kf7 59.
Rc6 Be5 60. f3 Ra3 61. f4 Re3 62. Nd6+ Kg8 63. Nc4 Bxf4 64. Nxe3 Bxe3 65. Kf3
1-0

[Event "27. ekipno prvenstvo RH"]
[Site "Biograd na Moru"]
[Date "2018.09.13"]
[Round "6.23"]
[White "Sebenik, Matej"]
[Black "Sertic, Rudolf"]
[Result "1-0"]
[WhiteElo "2570"]
[BlackElo "2366"]
[PlyCount "119"]
[EventDate "2018.??.??"]

1. Nf3 d5 2. d4 Nf6 3. c4 c6 4. Nc3 dxc4 5. a4 e6 6. e4 Bb4 7. Bg5 Bxc3+ 8.
bxc3 Qa5 9. e5 Ne4 10. Rc1 b5 11. Qc2 Nxg5 12. Nxg5 Qxa4 13. Qxa4 bxa4 14. Bxc4
Nd7 15. f4 Nb6 16. Bd3 f5 17. exf6 gxf6 18. Ne4 O-O 19. O-O Nd5 20. Rf3 a5 21.
c4 Nb4 22. Rg3+ Kh8 23. Bb1 Ra7 24. Nd6 c5 25. dxc5 Rc7 26. Rd1 f5 27. c6 Nxc6
28. Bc2 e5 29. Bxa4 exf4 30. Rf3 Ne5 31. Rxf4 Ng6 32. Rf2 f4 33. Rd5 Be6 34.
Rxa5 f3 35. Rxf3 Rxf3 36. gxf3 Bxc4 37. Ra8+ Bg8 38. Bb3 Ne7 39. Bxg8 Nxg8 40.
Nf5 Rf7 41. Nh6 Rg7+ 42. Kf2 Rg6 43. Rxg8+ Rxg8 44. Nxg8 Kxg8 45. Ke3 Kf7 46.
Kf4 Kf6 47. h3 Kf7 48. Kf5 Ke7 49. Kg5 Kf7 50. Kh6 Kg8 51. f4 Kh8 52. h4 Kg8
53. Kh5 Kf7 54. Kg5 Kg7 55. h5 Kf7 56. Kf5 Ke7 57. Ke5 Kf7 58. Kd6 Kf6 59. h6
Kf5 60. Ke7 1-0

[Event "27. ekipno prvenstvo RH"]
[Site "Biograd na Moru"]
[Date "2018.09.13"]
[Round "6.24"]
[White "Biti, Ozren"]
[Black "Tica, Sven"]
[Result "1/2-1/2"]
[WhiteElo "2366"]
[BlackElo "2442"]
[PlyCount "35"]
[EventDate "2018.??.??"]

1. e4 c6 2. d4 d5 3. Nc3 dxe4 4. Nxe4 Nf6 5. Nxf6+ exf6 6. Bc4 Bd6 7. Qe2+ Be7
8. Nf3 O-O 9. O-O Bd6 10. h3 Na6 11. c3 Nc7 12. Qc2 Be6 13. Bxe6 Nxe6 14. Be3
Re8 15. Rad1 g6 16. Qb3 Qc7 17. d5 cxd5 18. Rxd5 1/2-1/2

[Event "27. ekipno prvenstvo RH"]
[Site "Biograd na Moru"]
[Date "2018.09.13"]
[Round "6.25"]
[White "Golubovic, Boris"]
[Black "Medak, Bojan"]
[Result "1/2-1/2"]
[WhiteElo "2386"]
[BlackElo "2367"]
[PlyCount "28"]
[EventDate "2018.??.??"]

1. e4 Nc6 2. Nf3 d6 3. d4 Nf6 4. Nc3 g6 5. d5 Nb8 6. Be2 Bg7 7. O-O O-O 8. Be3
c6 9. a4 b6 10. Nd2 Bb7 11. Nc4 Nxe4 12. Nxe4 cxd5 13. Ncxd6 exd6 14. Nc3 Nd7
1/2-1/2

[Event "27. ekipno prvenstvo RH"]
[Site "Biograd na Moru"]
[Date "2018.09.13"]
[Round "6.26"]
[White "Filipovic, Marko"]
[Black "Petrov, Jole"]
[Result "1/2-1/2"]
[WhiteElo "2321"]
[BlackElo "2397"]
[PlyCount "184"]
[EventDate "2018.??.??"]

1. d4 d5 2. c4 e6 3. Nf3 Nf6 4. g3 dxc4 5. Bg2 Nc6 6. O-O Rb8 7. e3 Bd7 8. Qe2
b5 9. e4 Be7 10. Rd1 O-O 11. Bf4 a6 12. Nc3 b4 13. Na4 Na5 14. Nc5 Qc8 15. Ne5
Bb5 16. Qd2 Nc6 17. Nxc6 Bxc6 18. Qc2 Bxc5 19. dxc5 Qb7 20. f3 Bb5 21. a4 bxa3
22. Rxa3 Qc6 23. Be3 Rfd8 24. Bf1 Rxd1 25. Qxd1 Nd7 26. Qd4 e5 27. Qc3 Nxc5 28.
Bxc4 Na4 29. Qb3 Qxc4 30. Qxc4 Bxc4 31. Rxa4 Be2 32. f4 Rxb2 33. fxe5 h5 34.
Rd4 Bg4 35. Rc4 Bh3 36. Rxc7 Rg2+ 37. Kh1 Re2 38. Rc3 Re1+ 39. Bg1 Rxe4 40. Ra3
Bc8 41. Kg2 Rxe5 42. Re3 Bb7+ 43. Kf1 Rf5+ 44. Ke2 a5 45. Rc3 a4 46. Rc5 Rf6
47. h4 Rf3 48. Bf2 Rb3 49. Kd2 Bf3 50. Ra5 Rb2+ 51. Ke1 Ra2 52. Bc5 f6 53. Ra7
Re2+ 54. Kf1 Rc2 55. Bd6 Bc6 56. Ke1 Rc4 57. Rc7 Re4+ 58. Kf2 Bb5 59. Ra7 Re2+
60. Kf3 Re6 61. Bb4 Re8 62. Ra5 Rb8 63. Ke3 Kh7 64. Kd4 Kg6 65. Bd6 Rb7 66. Kc3
Kf5 67. Kb4 Ke6 68. Bf4 Be8+ 69. Ka3 Rb3+ 70. Ka2 Rf3 71. Kb2 g6 72. Ka2 Bc6
73. Kb2 Rb3+ 74. Ka2 Rb4 75. Rc5 Bd5+ 76. Ka3 Rd4 77. Ra5 Bb3 78. Kb2 Rc4 79.
Ka3 Rc3 80. Kb4 Rd3 81. Bc7 Bd1 82. Bf4 Rf3 83. Bc7 g5 84. hxg5 Rb3+ 85. Kc4
fxg5 86. Rxg5 Rb7 87. Bf4 a3 88. Re5+ Kf7 89. Rf5+ Kg6 90. Rg5+ Kh7 91. Ra5 a2
92. Kc3 Bb3 1/2-1/2

[Event "27. ekipno prvenstvo RH"]
[Site "Biograd na Moru"]
[Date "2018.09.13"]
[Round "6.31"]
[White "Hracek, Zbynek"]
[Black "Malakhov, Vladimir"]
[Result "1/2-1/2"]
[WhiteElo "2557"]
[BlackElo "2666"]
[PlyCount "33"]
[EventDate "2018.??.??"]

1. e4 e5 2. Nf3 Nc6 3. Bb5 Nf6 4. O-O Nxe4 5. Re1 Nd6 6. Nxe5 Be7 7. Bf1 Nxe5
8. Rxe5 O-O 9. d4 Bf6 10. Re1 Nf5 11. c3 d5 12. Bf4 c6 13. Nd2 Nh4 14. Bd3 Bf5
15. Bxf5 Nxf5 16. Nf3 Qd7 17. Qc2 1/2-1/2

[Event "27. ekipno prvenstvo RH"]
[Site "Biograd na Moru"]
[Date "2018.09.13"]
[Round "6.33"]
[White "Zivkovic, Vjekoslav"]
[Black "Stevic, Hrvoje"]
[Result "1/2-1/2"]
[WhiteElo "2358"]
[BlackElo "2579"]
[PlyCount "36"]
[EventDate "2018.??.??"]

1. e4 e5 2. Nf3 Nc6 3. Bb5 g6 4. O-O Bg7 5. c3 a6 6. Ba4 Nge7 7. d4 exd4 8.
cxd4 b5 9. Bb3 O-O 10. Nc3 d6 11. h3 Na5 12. Bf4 Nxb3 13. Qxb3 Rb8 14. Rad1 b4
15. Ne2 a5 16. Rfe1 Ba6 17. Ng3 Qd7 18. Qe3 Rfe8 1/2-1/2

[Event "27. ekipno prvenstvo RH"]
[Site "Biograd na Moru"]
[Date "2018.09.13"]
[Round "6.34"]
[White "Kozul, Zdenko"]
[Black "Mrkonjic, Nenad"]
[Result "1-0"]
[WhiteElo "2600"]
[BlackElo "2352"]
[PlyCount "109"]
[EventDate "2018.??.??"]

1. c4 c6 2. e4 d5 3. cxd5 cxd5 4. exd5 Nf6 5. Nc3 Nxd5 6. Nf3 Nc6 7. Bc4 Nxc3
8. bxc3 e6 9. d4 Be7 10. O-O O-O 11. Re1 Bf6 12. a4 Qc7 13. Bd3 g6 14. Bh6 Bg7
15. Qd2 Bd7 16. Re4 f6 17. Bxg7 Kxg7 18. Rae1 Ne7 19. c4 Rae8 20. h4 Nf5 21. a5
b6 22. axb6 axb6 23. R4e2 Nd6 24. Rc1 Bc6 25. Nh2 Nf7 26. Rb1 Bd7 27. Rb4 e5
28. d5 Nd6 29. Re1 Qc5 30. Nf1 Rb8 31. Reb1 Bf5 32. Bxf5 Nxf5 33. Ne3 Nd6 34.
h5 Rb7 35. h6+ Kf7 36. Qa2 Rfb8 37. Qa4 b5 38. cxb5 Rxb5 39. Rxb5 Rxb5 40. Ra1
Qc7 41. Qa3 Qb8 42. Qc1 Rb7 43. Nc4 Rd7 44. Ra6 Nxc4 45. Qxc4 Qb1+ 46. Kh2 Qf5
47. d6+ Qe6 48. Qc5 Qg4 49. Ra1 g5 50. Qc8 Kg6 51. Qg8+ Kxh6 52. Rh1 Rg7 53.
Kg1+ Kg6 54. Qe8+ Rf7 55. Rxh7 1-0

[Event "27. ekipno prvenstvo RH"]
[Site "Biograd na Moru"]
[Date "2018.09.13"]
[Round "6.35"]
[White "Feletar, Darko"]
[Black "Palac, Mladen"]
[Result "1/2-1/2"]
[WhiteElo "2364"]
[BlackElo "2540"]
[PlyCount "24"]
[EventDate "2018.??.??"]

1. e4 e5 2. Nf3 Nc6 3. Bb5 Nf6 4. O-O Nxe4 5. Re1 Nd6 6. Nxe5 Be7 7. Bf1 Nxe5
8. Rxe5 O-O 9. d4 Ne8 10. Re1 d5 11. Bf4 Bd6 12. Qf3 Bxf4 1/2-1/2

[Event "27. ekipno prvenstvo RH"]
[Site "Biograd na Moru"]
[Date "2018.09.13"]
[Round "6.36"]
[White "Jankovic, Alojzije"]
[Black "Jukic, Branimir"]
[Result "0-1"]
[WhiteElo "2558"]
[BlackElo "2377"]
[PlyCount "92"]
[EventDate "2018.??.??"]

1. d4 Nf6 2. Nf3 c5 3. d5 b5 4. Bg5 d6 5. Bxf6 exf6 6. a4 bxa4 7. e4 Qb6 8. Qc1
f5 9. e5 Be7 10. Be2 Nd7 11. exd6 Bf6 12. c3 O-O 13. O-O Qxd6 14. Rd1 Nb6 15.
Na3 Bd7 16. Nb5 Bxb5 17. Bxb5 c4 18. Bc6 Rab8 19. Qe3 Rfd8 20. Rd2 a5 21. h4
Nd7 22. Bxd7 Rxd7 23. Qe2 Qc5 24. Rxa4 Rxd5 25. Qxc4 Qxc4 26. Rxc4 Rxd2 27.
Nxd2 g6 28. b3 Rd8 29. Nf3 Rd1+ 30. Kh2 Rd3 31. Nd4 f4 32. h5 Kg7 33. hxg6 hxg6
34. Rc5 Rd2 35. Rxa5 Rxf2 36. b4 g5 37. Kh3 Bxd4 38. cxd4 Kg6 39. Ra8 Rf1 40.
g3 Rf3 41. b5 Rxg3+ 42. Kh2 Rb3 43. Rb8 g4 44. b6 Rb2+ 45. Kg1 g3 46. d5 Kf5
0-1

[Event "27. ekipno prvenstvo RH"]
[Site "Biograd na Moru"]
[Date "2018.09.13"]
[Round "6.41"]
[White "Tomashevsky, Evgeny"]
[Black "Inarkiev, Ernesto"]
[Result "1/2-1/2"]
[WhiteElo "2702"]
[BlackElo "2679"]
[PlyCount "67"]
[EventDate "2018.??.??"]

1. Nf3 d5 2. d4 Nf6 3. c4 dxc4 4. e3 e6 5. Bxc4 c5 6. O-O Nc6 7. a3 a6 8. dxc5
Bxc5 9. b4 Bd6 10. Bb2 b5 11. Be2 Bb7 12. Nbd2 Rc8 13. Rc1 O-O 14. Bxf6 gxf6
15. Ne4 Be7 16. Nc5 Bxc5 17. Rxc5 Qxd1 18. Rxd1 Rfd8 19. Rxd8+ Rxd8 20. Kf1 Rd7
21. g4 Kg7 22. Ke1 h6 23. Nd2 Ne7 24. Nb3 Bd5 25. Nd2 Bb7 26. Nf1 f5 27. Ng3
fxg4 28. Nh5+ Kg6 29. Nf4+ Kf6 30. Nh5+ Kg6 31. Bxg4 f5 32. Nf4+ Kf6 33. Be2
Ng6 34. Nxg6 1/2-1/2

[Event "27. ekipno prvenstvo RH"]
[Site "Biograd na Moru"]
[Date "2018.09.13"]
[Round "6.42"]
[White "Romanov, Evgeny"]
[Black "Saric, Ivan"]
[Result "0-1"]
[WhiteElo "2611"]
[BlackElo "2689"]
[PlyCount "114"]
[EventDate "2018.??.??"]

1. d4 d5 2. Nf3 Nf6 3. c4 c6 4. Qc2 g6 5. Bf4 Bg7 6. e3 O-O 7. cxd5 Bf5 8. Qb3
Bxb1 9. Rxb1 Qa5+ 10. Nd2 Nxd5 11. Bg3 e5 12. dxe5 Nd7 13. Qa3 Qxa3 14. bxa3 b5
15. a4 Nc3 16. Rc1 b4 17. e6 fxe6 18. Bd6 Rfe8 19. Ba6 Bf8 20. Bxf8 Rxf8 21.
Nb1 Nxb1 22. Rxb1 Nc5 23. Bc4 a5 24. Bb3 Nd3+ 25. Ke2 Nxf2 26. Rhf1 Ne4 27. Kd3
Nc3 28. Bxe6+ Kg7 29. Rxf8 Rxf8 30. Rc1 Rd8+ 31. Kc2 Re8 32. Bb3 Rxe3 33. Rf1
Re2+ 34. Kd3 Rxg2 35. Rf7+ Kh6 36. Ra7 Rxh2 37. Rxa5 Nxa2 38. Rc5 Rb2 39. Be6
b3 40. a5 Rb1 41. Kd2 Nb4 42. Rc1 Rb2+ 43. Kc3 Rc2+ 44. Kxb4 Rxc1 45. Bxb3 c5+
46. Kb5 Rb1 47. Ka4 g5 48. a6 g4 49. Ka3 Ra1+ 50. Ba2 Rd1 51. a7 Rd8 52. Bd5
Kg5 53. Ka4 h5 54. Kb5 h4 55. Bb7 h3 56. Kb6 Rf8 57. Kc7 h2 0-1